| 000 | 01066nam a2200253Ia 4500 | ||
|---|---|---|---|
| 003 | GCL | ||
| 005 | 20240530095528.0 | ||
| 008 | 140319s9999 xx 000 0 ara d | ||
| 040 |
_aGCL / _cGCL |
||
| 082 | 0 | 4 |
_a243 _bا ا |
| 100 | 1 | _aاسامة يوسف رحمة | |
| 245 | 1 | 0 |
_aاقتربت الساعة : _bبوادر ظهور المهدى ونزول السيد المسيح عليهما السلام وسيناريو الاحداث المستقبلية فى ضوء الأحاديث النبوية من الان إلى قيام الساعة / _cاسامة يوسف رحمة |
| 250 | _aط3 | ||
| 260 |
_aبيروت : _bدار قتيبة للطباعة والنشر والتوزيع ، _c2005 |
||
| 300 |
_a373 ص ؛ _c24 سم |
||
| 650 | 0 | 4 | _aالثواب والعقاب |
| 650 | 0 | 4 | _aالمهدى المنتظر |
| 650 | 0 | 4 | _aالبعث |
| 650 | 0 | 4 | _aعلم الكلام |
| 650 | 0 | 4 | _aالفناء والبقاء ( تصوف اسلامى ) |
| 650 | 0 | 4 | _aالقيامة، يوم |
| 650 | 0 | 4 | _aالسمعيات ( فقه اسلامى ) |
| 942 |
_2ddc _cBK |
||
| 999 |
_c8102 _d8102 |
||